| 000 | 00342 a2200133 4500 | ||
|---|---|---|---|
| 005 | 20250626133348.0 | ||
| 020 | _a100558160204 | ||
| 082 | _a332.076 COR | ||
| 245 | _aCorporate Finance and Portfolio Management. | ||
| 250 | _avol 4. | ||
| 260 |
_aNew York _bPerson Education, _c2010 |
||
| 300 |
_axiii, 305p. _bGlossary _c27cm. |
||
| 942 |
_2ddc _cBKS |
||
| 999 |
_c5359 _d5359 |
||